00378nam a22001457a 45000050016000000200010000160350013000260370013000391000017000522450053000692500014001222600054001363000024001907000018002142012022802152.0 c00.00 aA-904991 aDPLbENG aGirija Kumar aBibliography /cby Girja Kumar and Krishan Kumar arpr. 1997 aNew DelhibVikas Publishing House Pvt. Ltd.c1997 avii, 272p.c20 cms. aKrishan Kumar